| 000 | 00587nam a2200193 4500 | ||
|---|---|---|---|
| 001 | 123522 | ||
| 003 | ES-MaACL | ||
| 005 | 20230906192204.0 | ||
| 007 | t| | ||
| 008 | 070214s1970 sp r ||||1| spa d | ||
| 245 | 0 | 0 |
_aQuímica _b: curso modelo, fases I y II : curso básico / _ctraducción de José Beltrán. |
| 260 |
_aBarcelona : _bReverte, _c1970. |
||
| 300 |
_aIX, 532 p. : _bil. ; _c22 cm. |
||
| 490 | 1 | _aNuffield foundation | |
| 700 | 1 |
_aBeltrán, José. _927340 |
|
| 830 | 0 |
_aNuffield foundation _9186595 |
|
| 852 |
_aES-MaACL _jC-44627 _bR.73073 |
||
| 999 |
_c123522 _d123522 |
||